000 00289nam a2200109Ia 4500
008 220204s9999 xx 000 0 und d
082 _a82-36(540)
_bTAL
100 _aSavitri
245 0 _aTales from Indian Classics. Book II
260 _aNew Delhi
_bChildrens Book trust
_c1977
942 _cBK
999 _c31492
_d31492